The Rajneesh Chronicles/ (Record no. 187417)

MARC details
000 -LEADER
fixed length control field 00570nam a22001817a 4500
005 - DATE AND TIME OF LATEST TRANSACTION
control field 20220419120644.0
010 ## - LCCN (DPL NO)
LC control number ENG-132313
020 ## - INTERNATIONAL STANDARD BOOK NUMBER
International Standard Book Number 9789351952565
Terms of availability 450.00
035 ## - SYSTEM CONTROL NUMBER
System control number EN-115845
037 ## - SOURCE OF ACQUISITION
Source of stock number/acquisition DBAD/PUB
082 ## - DEWEY DECIMAL CLASSIFICATION NUMBER
Classification number 181.499
100 ## - MAIN ENTRY--PERSONAL NAME
Personal name Mccormack, Win
245 ## - TITLE STATEMENT
Title The Rajneesh Chronicles/
Statement of responsibility, etc Win Mccormack
260 ## - PUBLICATION, DISTRIBUTION, ETC. (IMPRINT)
Place of publication, distribution, etc Gurugram
Name of publisher, distributor, etc Hachette Book Publishing India Pvt. Ltd
Date of publication, distribution, etc 2010
270 ## - ADDRESS
Address 4th & 5th Floors, Corporate Centre, Plot No. 94, Sector 44
City Gurugram
Postal code 122003
300 ## - PHYSICAL DESCRIPTION
Extent 358p.
Dimensions 21cm(pbk)
942 ## - ADDED ENTRY ELEMENTS (KOHA)
Source of classification or shelving scheme Dewey Decimal Classification
Item type English Books
Classification part 181.499
Call number suffix MCC
Holdings
Withdrawn status Lost status Not for loan Collection code Home library Current library Date acquired Source of acquisition Cost, normal purchase price Full call number Barcode Copy number Cost, replacement price Koha item type
      Non-fiction Central Library Central Library 19/04/2022 DBAD/PUB 450.00 181.499 MCC EN-115845 1 450.00 English Books

© Delhi Public Library
Hit Counter
free hit counter